000 00494nam a2200181Ia 4500
001 12343
005 20260306162934.0
008 260306t2021||||xx |||||||||||||| ||spa||
041 _aESP
082 _aHR 344
_bFEB 2021 GPP
110 _aGaceta Jurídica
245 0 _aGaceta penal & procesal penal:
_binformación especializada para abogados, jueces y fiscales
260 _c2021
300 _a248 páginas :
_c25 cm.
650 _aGEN
654 _aCDE
942 _cREV
_dJUS
_fJUS
_2ddc
_n
999 _c12343
_d12343